عرض عادي عرض مارك
  • Hill, Marquita K.

مدخل إسم شخص

عدد التسجيلات المستخدمة في: 1

001 - رقم الضبط

  • حقل الضبط: 64925

003 - معرف رقم الضبط

  • حقل الضبط: OSt

005 - تاريخ ووقت أخر عملية

  • حقل الضبط: 20180921175506.0

008 - عناصر بيانات ثابتة الطول

  • حقل تحكم ثابت الطول: 180921|| aca||aabn | a|a d

040 ## - مصدر الفهرسة

  • هيئة الفهرسة الأصلية: OSt
  • وكالة الكتابة: OSt

100 ## - مدخل -- أسم شخص

  • إسم شخص: Hill, Marquita K.
  • الشكل الكامل للاسم: (Marquita Kaya)

670 ## - بيانات المصدر موجوده

  • الاستشهاد بالمصدر: Work cat.: (OSt)0: Hill, Marquita K. (Marquita Kaya), Understanding environmental pollution /, 2010